Maternal-newborn nursing : (Record no. 7998)
[ view plain ]
| 000 -LEADER | |
|---|---|
| fixed length control field | 00732cam a22002054a 4500 |
| 020 ## - INTERNATIONAL STANDARD BOOK NUMBER | |
| ISBN | 0805380701 |
| 050 00 - CALL NUMBER | |
| Classification number | RG951 |
| Item number | .O43 |
| 100 1# - AUTHOR | |
| Personal name | Olds, Sally B., |
| 245 10 - TITLE | |
| Title | Maternal-newborn nursing : |
| Remainder of title | a family and community-based approach / |
| Statement of responsibility, etc | Sally B. Olds, Marcia L. London, Patricia A. Wieland Ladewig. |
| 250 ## - EDITION | |
| Edition statement | 6th ed. |
| 260 ## - PUBLICATION INFORMATION | |
| Place of publication | Upper Saddle River, N.J. : |
| Name of publisher | Prentice Hall Health, |
| Year of publication | c2000. |
| 300 ## - DESCRIPTION | |
| Number of Pages | xxix, 1090 p. : |
| Other physical details | ill. (some col.) ; |
| Dimensions | 29 cm. + |
| Accompanying material | 1 computer optical disc (4 3/4 in.) |
| 650 #0 - SUBJECTS | |
| Topical Term | Maternity nursing |
| 650 #0 - SUBJECTS | |
| Topical Term | Community health nursing |
| 650 12 - SUBJECTS | |
| Topical Term | Community Health Nursing. |
| 650 12 - SUBJECTS | |
| Topical Term | Maternal-Child Nursing. |
| 700 1# - OTHER AUTHORS | |
| Personal name | London, Marcia L. |
| 700 1# - OTHER AUTHORS | |
| Personal name | Ladewig, Patricia W. |
| 942 ## - ADDED ENTRY ELEMENTS (KOHA) | |
| Koha item type | Books |
| Withdrawn status | Lost status | Home library | Current library | Date acquired | Full call number | Accession Number | Koha item type |
|---|---|---|---|---|---|---|---|
| Methodist University Library Wenchi Nursing | Methodist University Library Wenchi Nursing | 21/10/2021 | RG951 .O43 | 37226 | Books |